000 00590nam a2200181 4500
001 145405
003 ES-MaACL
005 20230906201227.0
007 t|
008 070214s1973 sp r ||||1| spa d
100 1 _aStent, Gunther S.
_9108093
245 1 3 _aEl advenimiento de la Edad de Oro
_b: el fin del progreso /
_cGunther S. Stent ; [traducción de Domènec Bergadá].
250 _a1ª ed.
260 _aBarcelona :
_bSeix Barral,
_c1973 (
_fGráf. Condal)
300 _a251 p. :
_bil. ;
_c19 cm.
700 1 _aBergadá, Doménec.
_927918
852 _aES-MaACL
_jC-53464
_bR.86338
999 _c145405
_d145405